Bravo Award Winners - Young Footballers award - Statistics

General Stats
  • This quiz has been taken 38 times
  • The average score is 15 of 38
Answer Stats
Year: Nationality: Player: % Correct
2004 Portugal Cristiano Ronaldo
93%
2007 Argentina Lionel Messi
93%
1998 Brazil Ronaldo
93%
1997 Brazil Ronaldo
93%
2014 France Paul Pogba
86%
2011 Belgium Eden Hazard
79%
1980 Germany Hansi Müller
79%
2010 Germany Thomas Müller
79%
2003 England Wayne Rooney
76%
2005 Netherlands Arjen Robben
59%
2006 Spain Cesc Fàbregas
52%
2013 Spain Isco
52%
1987 Netherlands Marco Van Basten
52%
1990 Italy Roberto Baggio
52%
1993 Wales Ryan Giggs
48%
1999 Italy Gianluigi Buffon
45%
1989 Italy Paolo Maldini
45%
2008 France Karim Benzema
34%
2012 Italy Marco Verratti
31%
1995 Netherlands Patrick Kluivert
31%
2009 Spain Sergio Busquets
28%
1996 Italy Alessandro Del Piero
24%
1986 Spain Emilio Butragueño
24%
1985 Spain Emilio Butragueño
24%
2000 Spain Iker Casillas
21%
1994 Italy Christian Panucci
14%
2015 Italy Domenico Berardi
14%
1992 Spain Pep Guardiola
14%
2002 Germany Christoph Metzelder
10%
1988 Israel Eli Ohana
10%
1982 England Gary Shaw
10%
1983 San Marino Massimo Bonini
10%
2001 England Owen Hargreaves
10%
1991 Yugoslavia Robert Prosinečki
10%
1979 England Gary Birtles
7%
1978 England Jimmy Case
7%
1981 Scotland John Wark
7%
1984 Italy Ubaldo Righetti
7%
No matching quizzes found
Score Distribution
Percent of People with Each Score
Percentile by Number Answered
Your Score History
You have not taken this quiz